000 01058cad a22002175a 4500
001 L150427
008 100713s2010 xxk f 000 0 eng d
035 _a(Sirsi) u150427
041 _aeng
110 2 _aNational Specialist Contractors Council
_94301
245 0 0 _aWorking rule agreement
_brates of basic pay, allowances and additional payment applicable from Monday 28 June 2010
_h[electronic resource]
260 _aLondon
_bCIJC
_c2010
520 _aThere has been no increase in basic pay rates since the last Working Rule Agreement (WRA) expired on 30 June 2009 so the 2008/09 rates will continue to apply until further notice. Fare and subsistence allowances increased from Monday 28 June 2010 but travel allowance remains unchanged.
650 _aWORKING RULE AGREEMENT
651 4 _aENGLAND AND WALES
690 _aBUILT ENVIRONMENT
710 1 _aConstruction Industry Joint Council
_93606
856 4 8 _uhttps://www.nscc.org.uk/support/employment.html
_zView the item free of charge at www.nscc.org.uk
942 _n0
948 _c20/03/1998
999 _c110867
_d110867